000 00644nam a2200205Ii 4500
003 JO-AjNU
008 230605s9999||||xx |||||||||||||| ||und||
040 _aJO-AjNU
_bara
_erda
_cJO-AjNU
041 _aara
050 1 4 _aLB1025.3.H55.2002
100 3 _aالحيلة،محمد,
_eauthor
_922338
245 0 0 _aطرائق التدريس وإستراتيجياته
250 _aط2
264 3 1 _aالعين:دار الكتاب الجامعي،2003
300 _a511ص
336 _atext
_btxt
_2rdacontent
337 _aunmediated
_bn
_2rdamedia
338 _avolume
_bnc
_2rdacarrier
650 4 _aالتدريس-طرق التدريس
_922339
999 _aA7911
_c11479
_d11479